| 000 | 00565nam a2200205Ia 4500 | ||
|---|---|---|---|
| 008 | 160114s9999 xx 000 0 und d | ||
| 020 | _a0-683813279 | ||
| 050 | _aFic | ||
| 050 | _b.F336y 1995 | ||
| 100 | _aFenner, Carol. | ||
| 245 |
_aYolonda's Genius / _cCarol Fenner. |
||
| 260 |
_aNew York : _bAladdin Paperpacks. _c1995 |
||
| 300 |
_a211 pages; _c22 cm. |
||
| 650 | _aAfrican Americans -- | ||
| 650 | _aBrothers and sisters -- | ||
| 650 | _aGenius -- | ||
| 650 | _xJuvenile fiction. | ||
| 650 | _xJuvenile fiction. | ||
| 650 | _xJuvenile fiction. | ||
| 999 |
_c290347 _d290347 |
||